Score 0/13 Timer 03:00
0 Plays Today
Scramble Word % Correct
TAAT
100%
YANANY
99.3%
EARAAREA
96.2%
EAGLAALGAE
73.9%
AASCUBABACUS
62.2%
TTIPPEEAAPPETITE
55.7%
YARTUCAACTUARY
51.5%
EETRNDAVUADVENTURE
44.7%
NATURECUPUCACUPUNCTURE
43.4%
BLYAAAIIITVLAVAILABILITY
28.9%
CIRAFTAILIARTIFICIAL
25.8%
MINTSCOCAHELPMACCOMPLISHMENT
8.7%
OATHSARELOGICARCHAEOLOGIST
7.2%

You're not logged in!

Compare scores with friends on all Sporcle quizzes.
OR
Log In

Sporcle TV

Today on Sporcle TV


Watch our educational content, quiz creation guides, and fun videos on Sporcle TV.

Show Comments

Extras

Top Quizzes Today


Score Distribution

Your Account Isn't Verified!

In order to create a playlist on Sporcle, you need to verify the email address you used during registration. Go to your Sporcle Settings to finish the process.

Report this User

Report this user for behavior that violates our Community Guidelines.

Details: